| 000 | 00848nam a2200253Ia 4500 | ||
|---|---|---|---|
| 001 | 8640 | ||
| 003 | GE_BSU | ||
| 008 | 181216s||||||||xx |||||||||||||| ||und|| | ||
| 020 | _a99928–44–44–2 | ||
| 040 | _cGE_BSU | ||
| 080 | _a821.353.1-1 | ||
| 100 | _aთავდგირიძე, ხათუნა | ||
| 245 | _aმე ზღაპრებიდან გამოვიპარე | ||
| 245 | _bლექსები | ||
| 245 | _cრედ.: დავით თედორაძე; მხატვ.: დავით კობალაძე. | ||
| 260 | _aბათუმი | ||
| 260 | _bაჭარა | ||
| 260 | _c2000 | ||
| 300 | _a180 გვ; 19 სმ | ||
| 541 | _h7 ლ. | ||
| 653 | _aლექსები | ||
| 653 | _aმე ზღაპრებიდან გამოვიპარე | ||
| 942 | _cBK | ||
| 999 |
_c41956 _d41956 |
||